MARC

LEADER 00000nam0a2200000 4500
001 182926
005 20231031171426.0
035 |a (RuTPU)RU\TPU\book\198295 
090 |a 182926 
100 |a 20100629d1978 k y0rusy50 ca 
101 0 |a rus 
102 |a RU 
105 |a a z 000zy 
200 1 |a Избранные труды  |a Метеориты и метеорное вещество  |f В. Г. Фесенков 
210 |a Москва  |c Наука  |d 1978 
215 |a 252 с.  |c ил. 
610 1 |a астрономия 
610 1 |a метеоритика 
610 1 |a Тунгусский метеорит 
610 1 |a Сихотэ-Алинь 
610 1 |a метеоритные дожди 
610 1 |a межпланетные вещества 
675 |a 523.5  |v 3 
700 1 |a Фесенков  |b В. Г.  |g Василий Григорьевич 
801 1 |a RU  |b 63413507  |c 20100629 
801 2 |a RU  |b 63413507  |c 20110208  |g RCR 
942 |c BK